| 000 | 00485nam a2200181 i 4500 | ||
|---|---|---|---|
| 001 | bg | ||
| 100 | 1 | _aFISKUL', V[iktor] I[lic] | |
| 245 | 0 |
_aVvedenie v fiziku poluprovodnikov / _cV[iktor] I[lic] Fiskul'. |
|
| 260 |
_aMoskva : _bVyssaja Skola, _c1975. |
||
| 300 |
_as. 295, nlb. 1 : _brys., tabl. |
||
| 500 | _a[Alf. ros.]. | ||
| 504 | _a[Zawiera bibliogr.]. | ||
| 040 | _cBPK | ||
| 041 | _apol | ||
| 080 | _a537.311 | ||
| 942 | _cKS | ||
| 008 | s pl f |000 0 pol | ||
| 999 |
_c16269 _d16269 |
||